| 000 | 00994nam a2200289 i 4500 | ||
|---|---|---|---|
| 001 | 15616 | ||
| 003 | ES-MaACL | ||
| 005 | 20250520202303.0 | ||
| 007 | t| | ||
| 008 | 000406s1993 sp ||||0| spa | ||
| 020 | _a84-375-0271-3 | ||
| 080 | _a316.42(091) | ||
| 080 | _a395(091) | ||
| 100 | 1 |
_aElias, Norbert. _946969 |
|
| 245 | 1 | 3 |
_aEl proceso de la civilización _b: investigaciones sociogenéticas y psicogenéticas / _cNorbert Elias ; [traducción de Ramón García Cotarelo]. |
| 250 | _a2ª ed. en español, 1ª reimp. | ||
| 260 |
_aMadrid : _bFondo de Cultura Económica de España, _c1993. |
||
| 300 |
_a581 p. ; _c23 cm. |
||
| 490 | 1 | _aSección de obras de sociología | |
| 504 | _aBibliografía. | ||
| 650 | 4 |
_aCivilización- _xHistoria _911082 |
|
| 650 | 4 |
_aCivilización- _xFilosofía. _911081 |
|
| 700 | 1 |
_aCotarelo, Ramón, _d1943- _941166 |
|
| 830 | 1 |
_aSección de obras de sociología _9179836 |
|
| 852 |
_aES-MaACL _jL-22689 |
||
| 999 |
_c15616 _d15616 |
||